Sports Quiz

Random Sports or Baseball Quiz

1971 Topps Baseball New York Mets Quiz Stats

Quiz not verified by Sporcle

Challenge
Share
Tweet
Embed
Score 0/33 Timer 08:00
0 Plays Today
Pos. Player/Manager % Correct
PJerry Koosman
96.9%
PTom Seaver
96.9%
CJerry Grote
93.8%
OFTommie Agee
93%
OFCleon Jones
93%
SSBud Harrelson
92.2%
1BEd Kranepool
91.4%
MGRGil Hodges
90.6%
PTug McGraw
89.1%
2B-3BWayne Garrett
86.7%
1BDonn Clendenon
85.2%
PNolan Ryan
83.6%
PGary Gentry
82%
CDuffy Dyer
81.3%
2BKen Boswell
78.9%
PJon Matlack
78.9%
TEAMNew York Mets Team
75%
Pos. Player/Manager % Correct
OF-1BArt Shamsky
68.8%
PJim McAndrew
61.7%
INFAl Weis
61.7%
SSTim Foli
60.2%
PRon Taylor
60.2%
OFKen Singleton
58.6%
INFTed Martinez
55.5%
PRay Sadecki
54.7%
3BBob Aspromonte
53.1%
PDan Frisella
52.3%
OF-1BMike Jorgensen
48.4%
OFDave Marshall
36.7%
PDean Chance
35.9%
CRandy Bobb
27.3%
PRich Folkers
26.6%
PJerry Robertson
17.2%

You're not logged in!

Compare scores with friends on all Sporcle quizzes.
Join for Free
OR
Log In

You Might Also Like...

Show Comments

Extras

Top Quizzes Today


Score Distribution

Your Account Isn't Verified!

In order to create a playlist on Sporcle, you need to verify the email address you used during registration. Go to your Sporcle Settings to finish the process.

Report this User

Report this user for behavior that violates our Community Guidelines.

Details: